|
|
|
|
| LEADER |
01567cam a2200421 a 4500 |
| 001 |
nkc20142637301 |
| 003 |
CZ PrNK |
| 005 |
20200122091054.0 |
| 007 |
ta |
| 008 |
141106s2014 xr a f 001 0 cze d |
| 015 |
|
|
|a cnb002637301
|
| 020 |
|
|
|a 978-80-204-3361-9
|q (váz.)
|
| 035 |
|
|
|a (OCoLC)903089871
|
| 040 |
|
|
|a KLG001
|b cze
|d BOA001
|d ABA001
|
| 072 |
|
7 |
|a 616
|x Patologie. Klinická medicína
|2 Konspekt
|9 14
|
| 080 |
|
|
|a 616.12
|2 MRF
|
| 080 |
|
|
|a (048.8:082)
|2 MRF
|
| 100 |
1 |
|
|a Táborský, Miloš,
|d 1962-
|7 jn20010310074
|4 aut
|
| 245 |
1 |
0 |
|a Kardiologie pro interní praxi /
|c Miloš Táborský et al.
|
| 250 |
|
|
|a 1. vyd.
|
| 260 |
|
|
|a Praha :
|b Mladá fronta,
|c 2014
|
| 300 |
|
|
|a 294 s. :
|b il. (některé barev.) ;
|c 24 cm
|
| 490 |
1 |
|
|a Edice postgraduální medicíny
|
| 490 |
1 |
|
|a Medical services
|
| 504 |
|
|
|a Obsahuje bibliografie a rejstřík
|
| 650 |
0 |
7 |
|a kardiologie
|7 ph121467
|2 czenas
|
| 650 |
0 |
9 |
|a cardiology
|2 eczenas
|
| 655 |
|
7 |
|a kolektivní monografie
|7 fd501537
|2 czenas
|
| 655 |
|
9 |
|a collective monographs
|2 eczenas
|
| 830 |
|
0 |
|a Edice postgraduální medicíny
|0 s
|
| 830 |
|
0 |
|a Medical services
|0 s
|
| 910 |
2 |
|
|a BOA001
|b 2-1337.625
|
| 990 |
|
|
|a BK
|
| 995 |
|
|
|a 01
|
| 991 |
|
|
|b 201412
|c NOV
|e n
|
| 996 |
6 |
|
|b 2610614071
|c 2-1337.625
|l MZK
|r Sklad / do 1 hodiny
|n 4
|p p.v.
|w 001475703
|u 000010
|a 1
|e BOA001
|j MZK50
|s P
|
| 996 |
6 |
|
|b 2610624300
|c 2-1337.625
|l MZK
|r STM 6p
|n 0
|p kup
|h 616.1 TÁB
|w 001475703
|u 000020
|a 0
|e BOA001
|j MZK50
|s P
|
| 996 |
7 |
|
|b 2610624301
|c 2-1337.625
|l Vol.výběr
|r VV 1p
|n 15
|p kup
|h 616.1 TÁB
|w 001475703
|u 000030
|a 0
|e BOA001
|j MZK50
|s A
|